ՄԱՅՐ ԱԹՈՌ ՍՈՒՐԲ ԷՋՄԻԱԾԻՆ

«ՎԱՉԵ ԵՎ ԹԱՄԱՐ ՄԱՆՈՒԿՅԱՆ» ՄԱՏԵՆԱԴԱՐԱՆ

Fibel für den ersten Schreibleseunterricht an Sprachganzen. / (Record no. 70266)

MARC details
000 -LEADER
fixed length control field 00598nam a22002057a 4500
003 - CONTROL NUMBER IDENTIFIER
control field SEM
005 - DATE AND TIME OF LATEST TRANSACTION
control field 20220608074542.0
008 - FIXED-LENGTH DATA ELEMENTS--GENERAL INFORMATION
fixed length control field 200218b ||||| |||| 00| 0 germ d
040 ## - CATALOGING SOURCE
Original cataloging agency SEM
Transcribing agency SEM
041 ## - LANGUAGE CODE
Language code of text/sound track or separate title germ.
080 ## - UNIVERSAL DECIMAL CLASSIFICATION NUMBER
Universal Decimal Classification number 803.0(075)/F-48
245 ## - TITLE STATEMENT
Title Fibel für den ersten Schreibleseunterricht an Sprachganzen. /
260 ## - PUBLICATION, DISTRIBUTION, ETC.
Place of publication, distribution, etc. Breslau:
Name of publisher, distributor, etc. Franz goerlich,
Date of publication, distribution, etc. 1866-
300 ## - PHYSICAL DESCRIPTION
Extent S;
Dimensions 23 cm
505 ## - FORMATTED CONTENTS NOTE
Formatted contents note Teil II -
Title Druckschrift,
Statement of responsibility /Comp. A. Ganitta, J. Hein
Miscellaneous information 1866.- 56 S.
650 ## - SUBJECT ADDED ENTRY--TOPICAL TERM
Topical term or geographic name entry element German language
General subdivision textbook
700 ## - ADDED ENTRY--PERSONAL NAME
Personal name Ganitta A.
Relationship comp.
700 ## - ADDED ENTRY--PERSONAL NAME
Personal name Hein J.
Relationship comp.
942 ## - ADDED ENTRY ELEMENTS (KOHA)
Source of classification or shelving scheme Universal Decimal Classification
Koha item type Գրքեր/Books
Holdings
Withdrawn status Lost status Source of classification or shelving scheme Damaged status Not for loan Collection code Home library Current library Date acquired Cost, normal purchase price Serial Enumeration / chronology Inventory number Total Checkouts Full call number Barcode Date last seen Price effective from Koha item type Public note
    Universal Decimal Classification     Գրապահոց Մայր Աթոռ Սուրբ Էջմիածին «Վաչե և Թամար Մանուկյան» Մատենադարան Մայր Աթոռ Սուրբ Էջմիածին «Վաչե և Թամար Մանուկյան» Մատենադարան 18/02/2020 1000.00 Tell- II Germ-1736   803.0(075)/F-48 Germ-1736 18/02/2020 18/02/2020 Գրքեր/Books Սպասարկվում է ընթերցասրահ